[Event "SPA Open A"]
[Site "Amsterdam NED"]
[Date "2011.07.10"]
[Round "2"]
[White "Bezemer,A"]
[Black "Nijboer,F"]
[Result "1-0"]
[WhiteElo "2348"]
[BlackElo "2546"]
[EventDate "2011.07.09"]

1. e4 c5 2. Nf3 Nc6 3. d4 cxd4 4. Nxd4 Nf6 5. Nc3 d6 6. Bc4 Qb6 7. Nb3 e6
8. Bf4 Ne5 9. Be2 Bd7 10. Qd2 Be7 11. O-O-O O-O 12. g4 Bc6 13. f3 Qc7 14.
g5 Nfd7 15. Nd4 Rfc8 16. h4 Nf8 17. Be3 Be8 18. f4 Nc4 19. Bxc4 Qxc4 20. f5
Bd8 21. f6 g6 22. Nb3 Bc7 23. h5 b5 24. hxg6 fxg6 25. Qf2 Rd8 26. Kb1 Rd7
27. e5 dxe5 28. Rxd7 Nxd7 29. Rh4 Qc6 30. Ne4 Nf8 31. Qh2 h5 32. gxh6 Nh7
33. Rg4 Rd8 34. Qg1 Kh8 35. a3 a5 36. Nbc5 b4 37. axb4 axb4 38. Qe1 Bb6 39.
Qxb4 Rd1+ 40. Ka2 Qa8+ 41. Qa3 Qc8 42. Rg1 Rd5 43. c4 Rd8 44. b3 Bc6 45.
Re1 Kg8 46. Kb2 Ba8 47. Qb4 Ba7 48. Qa5 Bxc5 49. Nxc5 Rf8 50. Rd1 Nxf6 51.
Bg5 Ne4 52. Be7 Re8 53. Na4 Qb8 54. Bh4 Bc6 55. Nc3 Nd6 56. Qc5 Nf5 57.
Qxc6 Nxh4 58. Ne4 Kh8 59. Qd7 Nf5 60. Nf6 1-0

[Event "SPA Open A"]
[Site "Amsterdam NED"]
[Date "2011.07.10"]
[Round "2"]
[White "Adhiban,B"]
[Black "De Rover,YH"]
[Result "1-0"]
[WhiteElo "2542"]
[BlackElo "2275"]
[EventDate "2011.07.09"]

1. e4 c5 2. Nf3 d6 3. d4 cxd4 4. Nxd4 Nf6 5. Nc3 g6 6. Be3 Bg7 7. f3 O-O 8.
Qd2 Nc6 9. Bc4 Bd7 10. Bb3 Rc8 11. O-O-O Nxd4 12. Bxd4 b5 13. Nd5 Nxd5 14.
Bxg7 Kxg7 15. exd5 a5 16. a3 Kg8 17. h4 b4 18. axb4 axb4 19. Qd4 Qa5 20.
Kd2 Rc5 21. h5 Bf5 22. hxg6 Bxg6 23. Ke3 f6 24. Rd2 Qc7 25. Rc1 Ra8 26. Kf2
Raa5 27. Re2 Qa7 28. Kg3 e5 29. Qxb4 Rab5 30. Qe1 Qg7 31. Kf2 Qh6 32. Ra1
Qh4+ 33. Kg1 Qxe1+ 34. Raxe1 Bf7 35. f4 Rb4 36. fxe5 fxe5 37. Rd2 Rbb5 38.
Rf2 Rc7 39. Re3 Kg7 40. Rg3+ Bg6 41. Kf1 Ra5 42. Ke2 Ra1 43. Kd2 Rb1 44.
Rc3 Rb7 45. Rc6 Rxb2 46. Rf3 Rb1 47. Rxd6 Rg1 48. Rg3 Rf7 49. Re6 Rf2+ 50.
Kc3 Re2 51. d6 Rd1 52. Kb4 Red2 53. Kc5 e4 54. c4 Ra1 55. Rxe4 Ra6 56. Re7+
Kf6 57. Rf3+ Kg5 58. Re5+ Kg4 59. Rd5 1-0

[Event "SPA Open A"]
[Site "Amsterdam NED"]
[Date "2011.07.10"]
[Round "2"]
[White "Lenderman,A"]
[Black "Geenen,M"]
[Result "1-0"]
[WhiteElo "2525"]
[BlackElo "2267"]
[EventDate "2011.07.09"]

1. d4 d5 2. c4 c6 3. Nf3 Nf6 4. Nc3 dxc4 5. a4 Bf5 6. Ne5 Nbd7 7. Nxc4 Qc7
8. g3 e5 9. dxe5 Nxe5 10. Bf4 Nfd7 11. Bg2 g5 12. Ne3 gxf4 13. Nxf5 O-O-O
14. Qc2 Nc5 15. O-O fxg3 16. hxg3 a5 17. Rfd1 h5 18. Rxd8+ Qxd8 19. Rd1 Qf6
20. Ne4 Nxe4 21. Qxe4 Bb4 22. e3 Rd8 23. Rxd8+ Kxd8 24. b3 Nd7 25. Bf3 Nc5
26. Qf4 Bc3 27. Bxh5 Be5 28. Qf3 Nxb3 29. Qd1+ Ke8 30. Qxb3 Qxf5 31. Be2
Qd7 32. Qc2 Qe7 33. Bh5 Kf8 34. Qf5 Bc7 35. Qc8+ Bd8 36. Be2 Kg7 37. Bc4
Kf8 38. Qf5 Qf6 39. Qd3 Kg7 40. Kg2 Qe7 41. Qd4+ Qf6 42. Qd7 Qe7 43. Qd3
Qf6 44. f4 Qb2+ 45. Kf3 Qb4 46. Bxf7 Kxf7 47. Qxd8 Qxa4 48. Qd7+ Kf6 49. g4
Qb5 50. g5+ Kg6 51. Qe6+ Kg7 52. Qe7+ Kg8 53. Kg4 Qb4 54. Qe6+ Kg7 55. g6
Qf8 56. f5 Kh6 57. Qe5 Qb4+ 58. e4 Qf8 59. Qf4+ Kg7 60. Qc7+ Kf6 61. e5+
1-0

[Event "SPA Open A"]
[Site "Amsterdam NED"]
[Date "2011.07.10"]
[Round "2"]
[White "Testa,Ad"]
[Black "Horvath,Cs1"]
[Result "0-1"]
[WhiteElo "2269"]
[BlackElo "2517"]
[EventDate "2011.07.09"]

1. d4 Nf6 2. c4 g6 3. g3 c5 4. d5 Bg7 5. Nc3 O-O 6. Bg2 e6 7. Nf3 exd5 8.
cxd5 d6 9. O-O Re8 10. Nd2 Nbd7 11. h3 Nh5 12. Nde4 Ndf6 13. g4 Nxe4 14.
Nxe4 f5 15. Nxd6 Qxd6 16. gxh5 f4 17. hxg6 hxg6 18. e4 fxe3 19. Bxe3 Bxb2
20. Rb1 Be5 21. Kh1 b6 22. Be4 Bg7 23. Bg2 Bf5 24. Rc1 Be4 25. Rg1 Rad8 26.
Qg4 Qxd5 27. Qxg6 Bxg6 28. Bxd5+ Rxd5 29. Rxg6 Kf7 30. Rc6 Re6 31. Rc7+ Re7
32. Rc6 Ke8 33. Rg1 Kd7 34. Rcg6 Bb2 35. Rb1 Rg7 36. Rxg7+ Bxg7 37. Kg2 Bf6
38. Kf3 Ke6 39. Rc1 Rh5 40. Kg3 Rh4 41. f4 Kf5 42. Rc4 Rh7 43. a4 Bh4+ 44.
Kg2 Rg7+ 45. Kf3 Rg3+ 46. Ke2 Rxh3 47. a5 Be7 48. axb6 axb6 49. Ra4 Rh2+
50. Kd3 b5 51. Ra5 Rb2 52. Bc1 c4+ 53. Kd4 Rb1 54. Bd2 Rb3 55. Bc3 Bf8 0-1

[Event "SPA Open A"]
[Site "Amsterdam NED"]
[Date "2011.07.10"]
[Round "2"]
[White "Neverov,V"]
[Black "Van Weersel,A"]
[Result "1/2-1/2"]
[WhiteElo "2500"]
[BlackElo "2237"]
[EventDate "2011.07.09"]

1. d4 Nf6 2. Nf3 g6 3. c4 Bg7 4. g3 O-O 5. Bg2 d5 6. O-O dxc4 7. Na3 c3 8.
bxc3 c5 9. Qb3 Nc6 10. Rd1 Na5 11. Qb2 Be6 12. Ne5 Rc8 13. Bf4 cxd4 14.
cxd4 Bd5 15. f3 b6 16. e4 Bb7 17. Be3 Nd7 18. Nd3 Nb8 19. Rac1 Qd7 20. Ne5
Qa4 21. f4 Nbc6 22. Nxc6 Rxc6 23. e5 Rxc1 24. Rxc1 Bxg2 25. Kxg2 e6 26. Rc3
Rd8 27. Qc2 Qd7 28. Rc7 Qd5+ 29. Kg1 Bf8 30. Nb1 Rd7 31. Rc8 Rd8 32. Rc7
Rd7 33. Rc8 Rd8 34. Rxd8 Qxd8 35. Qe4 Qc7 36. Nd2 Qc6 37. Qd3 Be7 38. Kf2
Qd5 39. a4 Bb4 40. Ne4 Qa2+ 41. Qe2 Qxa4 42. d5 exd5 43. Nf6+ Kg7 44. Nxd5
Bc5 45. e6 Bxe3+ 46. Qxe3 Qa2+ 47. Kg1 Qb1+ 48. Kg2 Qc2+ 49. Kg1 Qd1+ 50.
Kf2 Qc2+ 51. Kg1 Qd1+ 52. Kf2 Qc2+ 53. Kg1 1/2-1/2

[Event "SPA Open A"]
[Site "Amsterdam NED"]
[Date "2011.07.10"]
[Round "2"]
[White "Hendrikx,Niels"]
[Black "Pruijssers,R"]
[Result "0-1"]
[WhiteElo "2246"]
[BlackElo "2461"]
[EventDate "2011.07.09"]

1. e4 e5 2. Nf3 Nc6 3. Bb5 f5 4. d4 fxe4 5. Bxc6 dxc6 6. Nxe5 Nf6 7. Nc3
Bf5 8. g4 Be6 9. g5 Nd7 10. Qh5+ g6 11. Qh4 Nxe5 12. dxe5 Bb4 13. Bd2 Bxc3
14. Bxc3 O-O 15. Rd1 Qe7 16. Rd2 Bd5 17. Rg1 h5 18. e6 Qxe6 19. Bf6 e3 20.
Re2 Bf3 21. fxe3 Bxe2 22. Kxe2 Rae8 23. Qd4 Rf7 24. Rd1 Qh3 25. Qf4 Qg2+
26. Qf2 Qg4+ 27. Ke1 Rd7 28. Rxd7 Qxd7 29. Qf4 Qd6 30. Qc4+ Qd5 31. Qxd5+
cxd5 32. Kd2 Kf7 33. b3 Ke6 0-1

[Event "SPA Open A"]
[Site "Amsterdam NED"]
[Date "2011.07.10"]
[Round "2"]
[White "Visser,HJ"]
[Black "Tan,Mat"]
[Result "0-1"]
[WhiteElo "2225"]
[BlackElo "2400"]
[EventDate "2011.07.09"]

1. e4 e6 2. d4 d5 3. Nc3 Nf6 4. e5 Nfd7 5. f4 c5 6. Nf3 Nc6 7. Be3 cxd4 8.
Nxd4 Bc5 9. Qd2 O-O 10. O-O-O a6 11. Qf2 Bxd4 12. Bxd4 b5 13. Be3 Bb7 14.
Rg1 f6 15. exf6 Nxf6 16. g3 Rb8 17. Bb6 Qd7 18. Bh3 Bc8 19. Rge1 Re8 20.
Kb1 Qf7 21. Bd4 Nxd4 22. Rxd4 b4 23. Nd1 Ne4 24. Qf1 Qe7 25. Rd3 a5 26. Qg2
a4 27. Rde3 a3 28. b3 Qf6 29. Qe2 Rb6 30. Bg2 Ba6 31. Qh5 Rc8 32. Bxe4 dxe4
33. Rxe4 Bd3 34. cxd3 Qa1+ 0-1

[Event "SPA Open A"]
[Site "Amsterdam NED"]
[Date "2011.07.10"]
[Round "2"]
[White "Van Assendelft,F"]
[Black "Lombaers,P"]
[Result "1/2-1/2"]
[WhiteElo "2393"]
[BlackElo "2097"]
[EventDate "2011.07.09"]

1. e4 Nf6 2. e5 Nd5 3. d4 d6 4. c4 Nb6 5. exd6 exd6 6. Nc3 Be7 7. Be3 Nc6
8. Qf3 Be6 9. c5 dxc5 10. dxc5 Nd7 11. O-O-O Bg5 12. Bb5 Bxe3+ 13. Qxe3 Qe7
14. Nf3 Qxc5 15. Qxc5 Nxc5 16. Ne5 O-O 17. Bxc6 bxc6 18. Nxc6 a6 19. Nd5
Bxd5 20. Rxd5 Ne4 21. f3 Nf6 22. Ne7+ Kh8 23. Rc5 Ra7 24. Rd1 g6 25. g4 h6
26. h4 Re8 27. Nc6 Raa8 28. g5 hxg5 29. hxg5 Nh7 30. Rd7 Kg7 31. Nd4 c6 32.
f4 Nf8 33. Rd6 Re1+ 34. Kd2 Rf1 35. f5 Rf2+ 36. Kc3 gxf5 37. Nxf5+ Kg8 38.
Rf6 Nd7 39. Nh6+ Kg7 40. Rcf5 Nxf6 41. gxf6+ Kxh6 42. Rxf2 Re8 43. Kd4 Kg5
44. Kc5 Re6 45. Kb6 c5+ 46. Kxc5 Rxf6 47. Rd2 Re6 48. Rg2+ Kf6 49. b4 Ke7
50. Rd2 f5 51. a4 f4 52. b5 axb5 53. axb5 f3 54. b6 Re2 55. b7 Rxd2 56.
b8=Q f2 57. Qe5+ Kd7 58. Qf5+ Ke7 59. Kc6 Rd6+ 60. Kc5 Rf6 61. Qe5+ 1/2-1/2

[Event "SPA Open A"]
[Site "Amsterdam NED"]
[Date "2011.07.10"]
[Round "2"]
[White "Smit,F"]
[Black "Wiersma,E"]
[Result "0-1"]
[WhiteElo "2055"]
[BlackElo "2390"]
[EventDate "2011.07.09"]

1. c4 Nf6 2. g3 g6 3. Bg2 Bg7 4. Nc3 O-O 5. e4 c5 6. Nge2 Nc6 7. O-O a6 8.
a3 Rb8 9. Rb1 b5 10. cxb5 axb5 11. b4 c4 12. d3 cxd3 13. Qxd3 Ne5 14. Qc2
d6 15. a4 bxa4 16. Qxa4 Bg4 17. b5 Bf3 18. Nd4 Bxg2 19. Kxg2 Qc7 20. Nd5
Nxd5 21. exd5 Qc5 22. Be3 Qxd5+ 23. Kg1 Qe4 24. Qc2 Nf3+ 25. Kh1 Qg4 26.
Nxf3 Qxf3+ 27. Kg1 Rfc8 28. Qa4 d5 29. Ba7 Rb7 30. Rbc1 Ra8 31. b6 Rxb6 32.
Qd7 Rd6 33. Qxe7 Qf6 34. Qb7 Rad8 35. Rc8 d4 36. Rd1 h5 37. Rxd8+ Qxd8 38.
Qe4 Qd7 39. Bc5 Rd5 40. Bb6 Kh7 41. Qd3 Bf6 42. Rc1 Kg7 43. Bc7 Bg5 44. f4
Bf6 45. Kg2 h4 46. h3 hxg3 47. Kxg3 Rb5 48. Rc4 Qd5 0-1

[Event "SPA Open A"]
[Site "Amsterdam NED"]
[Date "2011.07.10"]
[Round "2"]
[White "Haslinger,S"]
[Black "Van Der Eijk,Martijn"]
[Result "1-0"]
[WhiteElo "2548"]
[BlackElo "2139"]
[EventDate "2011.07.09"]

1. e4 d6 2. d4 Nf6 3. Nc3 g6 4. Be3 Bg7 5. Qd2 O-O 6. O-O-O c6 7. f3 b5 8.
Kb1 Be6 9. g4 Qa5 10. d5 Bc8 11. Bh6 b4 12. Nce2 cxd5 13. Bxg7 Kxg7 14.
exd5 e6 15. h4 Qxd5 16. Qc1 Qb7 17. h5 Nc6 18. Rxd6 Qc7 19. Qf4 Nd5 20. Qh2
Bb7 21. hxg6 fxg6 22. Qxh7+ Kf6 23. g5+ Ke5 24. Rxd5+ 1-0

[Event "SPA Open A"]
[Site "Amsterdam NED"]
[Date "2011.07.10"]
[Round "2"]
[White "Bosboom,M"]
[Black "Burton,G"]
[Result "1-0"]
[WhiteElo "2399"]
[BlackElo "2051"]
[EventDate "2011.07.09"]

1. c4 e5 2. a3 d6 3. h4 Nc6 4. e3 Nf6 5. b4 Bf5 6. Bb2 g6 7. Nc3 Bg7 8.
Nge2 O-O 9. Ng3 Be6 10. h5 d5 11. cxd5 Bxd5 12. Rc1 Be6 13. Nce4 Nxe4 14.
Nxe4 Bf5 15. Qf3 Qe7 16. g4 Bxe4 17. Qxe4 Qg5 18. b5 Na5 19. h6 Bh8 20.
Rxc7 Rfd8 21. Bc3 Nb3 22. Bc4 Nd4 23. exd4 exd4 24. Bb4 1-0

[Event "SPA Open A"]
[Site "Amsterdam NED"]
[Date "2011.07.10"]
[Round "2"]
[White "Theulings,PP"]
[Black "Miedema,D"]
[Result "0-1"]
[WhiteElo "2120"]
[BlackElo "2399"]
[EventDate "2011.07.09"]

1. Nf3 Nf6 2. c4 e6 3. Nc3 d5 4. d4 Bb4 5. cxd5 exd5 6. Bg5 h6 7. Bh4 g5 8.
Bg3 Ne4 9. Nd2 Nxg3 10. hxg3 c6 11. e3 Bf5 12. Qb3 Qb6 13. a3 Be7 14. Rc1
Nd7 15. Be2 g4 16. Qxb6 axb6 17. f3 Nf6 18. e4 gxf3 19. gxf3 dxe4 20. fxe4
Bg6 21. e5 Nd7 22. Nf3 f6 23. e6 Nf8 24. Nh4 Bh7 25. d5 Ra5 26. Rd1 Bd6 27.
Kf2 Ke7 28. g4 cxd5 29. Nxd5+ Kxe6 30. Bc4 b5 31. Nc7+ Ke7 32. Rhe1+ Be5
33. Bb3 Nd7 34. Rd5 Rc8 35. Nxb5 Nc5 36. Nd6 Rc6 37. Nc4 Ne4+ 38. Rxe4 Rxd5
39. Nf5+ Bxf5 40. gxf5 Rd4 41. Kf3 Rxe4 42. Kxe4 Bxb2 43. a4 Bc3 44. Ne3
Be5 45. Ng4 Rb6 46. Bc4 Rb4 47. Kd5 h5 0-1

[Event "SPA Open A"]
[Site "Amsterdam NED"]
[Date "2011.07.10"]
[Round "2"]
[White "Markus,J"]
[Black "Hopman,P"]
[Result "1-0"]
[WhiteElo "2137"]
[BlackElo "2367"]
[EventDate "2011.07.09"]

1. d4 d6 2. Nf3 g6 3. c4 Bg7 4. Nc3 Bg4 5. e3 c5 6. Be2 Nc6 7. O-O cxd4 8.
exd4 Nh6 9. d5 Bxf3 10. Bxf3 Ne5 11. Be2 a6 12. f4 Qb6+ 13. Kh1 Nd7 14. g4
f5 15. h3 Rc8 16. Qd3 O-O 17. g5 Nf7 18. Rb1 Qc7 19. Be3 Rfe8 20. Bd4 Nc5
21. Qd1 Bxd4 22. Qxd4 a5 23. b3 Qb6 24. Bf3 Na4 25. Qxb6 Nxb6 26. Rfe1 Kg7
27. Nb5 Nxc4 28. bxc4 Rxc4 29. Kg2 Rxf4 30. Nc7 1-0

[Event "SPA Open A"]
[Site "Amsterdam NED"]
[Date "2011.07.10"]
[Round "2"]
[White "Sanders,I"]
[Black "Posedaru,B"]
[Result "0-1"]
[WhiteElo "2105"]
[BlackElo "2354"]
[EventDate "2011.07.09"]

1. d4 d5 2. c4 e6 3. Nc3 c6 4. e4 dxe4 5. Nxe4 Bb4+ 6. Bd2 Qxd4 7. Bxb4
Qxe4+ 8. Be2 c5 9. Bxc5 Qxg2 10. Qd6 Nd7 11. O-O-O Qc6 12. Bb4 Qxd6 13.
Bxd6 Ne7 14. Bf3 Nf5 15. Ba3 Ne5 16. b3 Nxf3 17. Nxf3 f6 18. Nd2 Bd7 19.
Ne4 O-O-O 20. Nd6+ Nxd6 21. Rxd6 Bc6 22. Rxd8+ Rxd8 23. Rg1 Rd7 24. Bc5 a6
25. Rd1 e5 26. Bd6 Kd8 27. c5 Ke8 28. Kd2 Kf7 29. Re1 g5 30. Re3 h5 31. Kc3
h4 32. a4 Ke6 33. Kb4 e4 34. Ka5 f5 35. b4 f4 36. Re1 Rf7 37. b5 axb5 38.
axb5 Bd5 39. Bb8 Rf8 40. Ba7 g4 41. Rc1 Rc8 42. c6 Bxc6 43. bxc6 Rxc6 44.
Rxc6+ bxc6 45. Kb4 e3 46. Kc3 exf2 47. Bxf2 g3 48. hxg3 h3 0-1

[Event "SPA Open A"]
[Site "Amsterdam NED"]
[Date "2011.07.10"]
[Round "2"]
[White "Edeling,J"]
[Black "Plukkel,S"]
[Result "0-1"]
[WhiteElo "2115"]
[BlackElo "2298"]
[EventDate "2011.07.09"]

1. e4 e5 2. Nf3 Nf6 3. Nxe5 d6 4. Nf3 Nxe4 5. Nc3 Nxc3 6. dxc3 Bf5 7. Be3
Nc6 8. Qd2 Be7 9. O-O-O Qd7 10. Kb1 a6 11. Re1 O-O 12. h4 b5 13. Ng5 b4 14.
c4 Rab8 15. Bd3 b3 16. axb3 Nb4 17. Bxf5 Qxf5 18. Ne4 Qxe4 19. Bc5 Qxg2 20.
Bxb4 Bf6 21. Reg1 Qf3 22. Rh2 Rfe8 23. Bc3 Re2 24. Qd1 Bxc3 25. bxc3 Qe4
26. Kb2 Qxc4 27. Kb1 a5 28. Rhg2 g6 29. Rg4 Qe6 30. h5 Rxf2 31. hxg6 fxg6
32. Ka1 Qf6 33. Qd3 Qf5 34. Qxf5 Rxf5 35. Rc4 Rc5 36. Rxc5 dxc5 37. Rg4 Rf8
38. Ra4 h5 39. Rxa5 h4 40. Ra4 g5 41. Rg4 Rf5 0-1

[Event "SPA Open A"]
[Site "Amsterdam NED"]
[Date "2011.07.10"]
[Round "2"]
[White "Brookes,C"]
[Black "Wunnink,M"]
[Result "0-1"]
[WhiteElo "2056"]
[BlackElo "2258"]
[EventDate "2011.07.09"]

1. e4 c6 2. d4 d5 3. Nc3 dxe4 4. Nxe4 Bf5 5. Ng3 Bg6 6. h4 h6 7. Nf3 Nd7 8.
h5 Bh7 9. Bd3 Bxd3 10. Qxd3 e6 11. Bf4 Qa5+ 12. Bd2 Bb4 13. c3 Be7 14. c4
Qc7 15. O-O-O Ngf6 16. Ne4 O-O 17. Rhg1 Ng4 18. Qe2 Rfe8 19. Ne1 Ngf6 20.
g4 e5 21. Nxf6+ Bxf6 22. g5 hxg5 23. Bxg5 exd4 24. Qg4 Bxg5+ 25. Qxg5 Qe5
26. Qg4 Nf8 27. Nf3 Qf6 28. Nxd4 Rad8 29. Qf5 Qh6+ 30. f4 c5 31. Nf3 Ne6
32. Rxd8 Rxd8 33. Rg4 Qh7 34. Qxh7+ Kxh7 35. f5 Nd4 36. Nxd4 cxd4 37. Kd2
Rd6 38. Kd3 Rb6 39. Rg2 Rh6 40. Kxd4 Rxh5 41. Rf2 Kg8 42. Ke5 Rh6 43. Rd2
Kf8 44. Rd7 Rb6 45. b3 Ke8 46. Rc7 a5 47. Kd5 Rf6 48. Rxb7 Rxf5+ 49. Kd6
Rf6+ 50. Kc7 g5 51. c5 g4 52. Rb8+ Ke7 53. Rh8 g3 54. Rh1 g2 55. Rg1 Rf2
56. c6 Rxa2 57. Re1+ Kf8 58. Kd6 Rd2+ 59. Kc5 f5 60. c7 Rc2+ 61. Kd4 Rxc7
62. Rg1 Rc2 0-1

[Event "SPA Open A"]
[Site "Amsterdam NED"]
[Date "2011.07.10"]
[Round "2"]
[White "Gravemaker,Wim Laurens"]
[Black "Otte,Mari"]
[Result "1/2-1/2"]
[WhiteElo "2047"]
[BlackElo "2244"]
[EventDate "2011.07.09"]

1. e4 c5 2. Nf3 d6 3. d4 cxd4 4. Nxd4 Nf6 5. Nc3 a6 6. Bg5 e6 7. f4 Be7 8.
Qf3 Qc7 9. O-O-O h6 10. Bh4 Nbd7 11. Be2 Rg8 12. Rhe1 g5 13. Bf2 gxf4 14.
Qh3 b5 15. Bf3 Bb7 16. g3 fxg3 17. Bxg3 Ne5 18. Bxe5 dxe5 19. Nxe6 fxe6 20.
Qxh6 Rf8 21. Rf1 Bc5 22. Be2 Qh7 23. Qg5 Qxh2 24. Rxf6 Be3+ 25. Qxe3 Rxf6
26. Qb6 Qh7 27. Bh5+ Kf8 28. Rd8+ Rxd8 29. Qxd8+ Kg7 30. Qe7+ Kg8 31. Qxf6
Qxh5 32. Qxe6+ Kf8 33. Qf6+ Ke8 34. Qe6+ Kd8 35. Qd6+ Kc8 36. b3 Qg5+ 37.
Kb2 Qf4 38. a4 bxa4 39. Nxa4 Bxe4 40. Nc5 Bf3 41. Qd7+ Kb8 42. Qd8+ Ka7 43.
Qc7+ Ka8 44. Qc8+ Ka7 45. Qxa6+ Kb8 46. Qb6+ Kc8 47. Ne6 Qf7 48. Ng5 Qf4
49. Nxf3 Qxf3 50. Qe6+ Kb8 51. Qxe5+ Ka7 52. c3 Kb7 53. b4 Ka7 54. Qd4+ Kb7
55. Kb3 Qf7+ 56. c4 Qf3+ 57. Ka4 Qe2 58. Qd7+ Ka6 59. b5+ Kb6 60. Qc6+ Ka7
61. b6+ Ka6 62. b7+ Ka7 63. Kb5 Qb2+ 64. Kc5 Qf2+ 65. Kd6 Qf6+ 66. Kc5 Qf2+
67. Kd6 Qf6+ 68. Kd7 Qf7+ 69. Kd8 Qf8+ 70. Qe8 Qd6+ 71. Kc8 Qc6+ 72. Kd8
Qd6+ 73. Qd7 Qf8+ 74. Kc7 Qc5+ 75. Qc6 Qe7+ 76. Kc8 Qe6+ 77. Qd7 Qg8+ 78.
Qd8 Qxc4+ 1/2-1/2

[Event "SPA Open A"]
[Site "Amsterdam NED"]
[Date "2011.07.10"]
[Round "2"]
[White "Timmermans,I"]
[Black "Roebers,J"]
[Result "1-0"]
[WhiteElo "2232"]
[BlackElo "2219"]
[EventDate "2011.07.09"]

1. e4 e5 2. Nf3 Nc6 3. Bb5 a6 4. Ba4 Nf6 5. O-O Be7 6. Re1 b5 7. Bb3 d6 8.
c3 O-O 9. h3 h6 10. d4 Re8 11. Nbd2 Bf8 12. Nf1 Bd7 13. Ng3 Na5 14. Bc2 c5
15. b3 g6 16. d5 Nb7 17. Nh2 a5 18. f4 exf4 19. Bxf4 g5 20. Bd2 Bg7 21. Qf3
Re5 22. Rf1 Qe7 23. Rae1 Re8 24. c4 b4 25. Bc1 Nd8 26. Bb2 g4 27. hxg4 Nxg4
28. Nxg4 Bxg4 29. Qxg4 Rg5 30. Qh3 Bxb2 31. Nf5 Bd4+ 32. Kh1 Qe5 33. Nxh6+
Kf8 34. Rf5 Rxf5 35. Nxf5 Nb7 36. Rf1 Qh8 37. Nh6 f6 38. Rf5 Re5 39. Rxe5
Bxe5 40. Bd1 Nd8 41. Qh5 Bf4 42. Nf5 Qg8 43. Qh4 Bg5 44. Qg3 Qh8+ 45. Kg1
Nf7 46. Nxd6 Bh4 47. Qf4 Bg5 48. Nxf7 Kxf7 49. Qf3 Ke7 50. g3 Kd6 51. Qf5
Qe8 52. Bg4 Be3+ 53. Kg2 Bd4 54. Kf3 Kc7 55. Qh7+ Kb6 56. d6 Qd8 57. Qe7
1-0

[Event "SPA Open A"]
[Site "Amsterdam NED"]
[Date "2011.07.10"]
[Round "2"]
[White "Haria,R"]
[Black "Kohler,Ar"]
[Result "0-1"]
[WhiteElo "2073"]
[BlackElo "2225"]
[EventDate "2011.07.09"]

1. e4 c5 2. Nf3 d6 3. d4 cxd4 4. Nxd4 Nf6 5. Nc3 a6 6. Be2 e5 7. Nb3 Be6 8.
f4 exf4 9. Bxf4 Nc6 10. O-O b5 11. Kh1 Be7 12. Nd5 Bxd5 13. exd5 Ne5 14.
Nd4 O-O 15. Nf5 Nfd7 16. Qe1 Kh8 17. Qg3 g6 18. Nxe7 Qxe7 19. Rae1 f6 20.
Bg4 f5 21. Bf3 Qg7 22. Qh4 Rfc8 23. c3 Rc4 24. Be2 Re4 25. Qg3 Re8 26. Bd1
Nf6 27. Bxe5 R8xe5 28. Bf3 f4 29. Qf2 Re3 30. Rxe3 fxe3 31. Qe2 Qe7 32. Rd1
h5 33. g3 Qf7 34. Rd3 Ng4 35. Kg2 Rf5 36. h3 Ne5 37. Rxe3 Nxf3 38. Rxf3
Qxd5 39. Kf2 Rxf3+ 40. Qxf3 Qxa2 41. Qf8+ Kh7 42. Qe7+ Kg8 43. Qe2 Qf7+ 44.
Kg2 Qd5+ 45. Kh2 Qe5 46. Qc2 Kg7 47. h4 a5 48. Qf2 b4 49. cxb4 axb4 50.
Qa7+ Kh6 51. Qf2 b3 52. Qf8+ Qg7 53. Qf4+ Kh7 54. Qf2 Qc7 55. Qf6 d5 56.
Qd4 Qc2+ 57. Kg1 Qc4 58. Qa7+ Kg8 59. Qb8+ Kg7 60. Qb7+ Kf6 61. Qb6+ Kf5
62. Qf2+ Kg4 63. Qe3 Kh3 64. Qe6+ Qg4 65. Qxd5 Qxg3+ 66. Kf1 Kxh4 67. Qd4+
Kh3 68. Qd7+ Kh2 69. Qd2+ Kh3 70. Qd7+ Kh4 71. Qd4+ Kg5 72. Qd8+ Kf5 73.
Qd7+ Ke4 74. Qc6+ Kd4 75. Qb6+ Kd5 76. Qb7+ Ke6 77. Qc8+ Ke7 78. Qb7+ Kf8
79. Qb4+ Kg8 80. Qc4+ Kg7 81. Qd4+ Kh7 82. Qd7+ Kh6 83. Qd2+ g5 84. Qd5
Qf4+ 85. Kg2 Qg4+ 86. Kf2 Qf4+ 87. Kg2 Qe3 88. Qd6+ Kg7 89. Qc7+ Kf6 90.
Qd8+ Kf5 91. Qd5+ Kf4 92. Qd6+ Kg4 93. Qb4+ Kf5 94. Qf8+ Ke4 95. Qb4+ Kd5
96. Qb7+ Ke6 97. Qc6+ Kf7 98. Qb7+ Kf6 99. Qc6+ Qe6 100. Qc3+ Kg6 101. Qd3+
Kh6 102. Qc3 h4 103. Qh8+ Kg6 104. Qc3 Qg4+ 105. Kf1 0-1

[Event "SPA Open A"]
[Site "Amsterdam NED"]
[Date "2011.07.10"]
[Round "2"]
[White "Afek,Y"]
[Black "Harmsen,Michiel"]
[Result "1-0"]
[WhiteElo "2298"]
[BlackElo "2140"]
[EventDate "2011.07.09"]

1. e4 e6 2. d4 d5 3. e5 c5 4. c3 Nc6 5. Nf3 Qb6 6. a3 Nh6 7. Bd3 Bd7 8. Bc2
cxd4 9. cxd4 g6 10. Nc3 Nf5 11. Na4 Qc7 12. Bxf5 gxf5 13. O-O Rc8 14. Be3
b5 15. Nc5 f4 16. Nxd7 Kxd7 17. Bxf4 Be7 18. Rc1 f5 19. exf6 Qxf4 20. fxe7
Rhg8 21. g3 h5 22. Rxc6 1-0

[Event "SPA Open A"]
[Site "Amsterdam NED"]
[Date "2011.07.10"]
[Round "2"]
[White "Schoorl,R"]
[Black "Van den Berg,Ha"]
[Result "1-0"]
[WhiteElo "2262"]
[BlackElo "2136"]
[EventDate "2011.07.09"]

1. e4 c5 2. Nf3 e6 3. c3 Qa5 4. Bc4 Nf6 5. e5 d5 6. exf6 dxc4 7. fxg7 Bxg7
8. Na3 b5 9. d3 Bxc3+ 10. bxc3 Qxc3+ 11. Qd2 Qxa1 12. Nxb5 Na6 13. O-O Qg7
14. Bb2 f6 15. Nd6+ Ke7 16. Ne4 Rf8 17. dxc4 Rb8 18. Rd1 Qg6 19. Bxf6+ Rxf6
20. Qd8+ Kf7 21. Ne5+ Kg7 22. Nxg6 Rxg6 23. Qe7+ Kh6 24. Qf8+ Kh5 25. Ng3+
Kg5 26. h4+ 1-0

[Event "SPA Open A"]
[Site "Amsterdam NED"]
[Date "2011.07.10"]
[Round "2"]
[White "Mellema,A"]
[Black "Hamiti,Gani"]
[Result "1-0"]
[WhiteElo "2131"]
[BlackElo "2221"]
[EventDate "2011.07.09"]

1. e4 e5 2. Nf3 Nc6 3. Bb5 f5 4. Nc3 fxe4 5. Nxe4 d5 6. Nxe5 dxe4 7. Nxc6
Qg5 8. Qe2 Nf6 9. f4 Qxf4 10. Ne5+ c6 11. d4 Qh4+ 12. g3 Qh3 13. Bc4 Be6
14. Bg5 Bd6 15. Rf1 O-O-O 16. O-O-O Rhf8 17. g4 Bxc4 18. Qxc4 Bxe5 19. Qe6+
Kb8 20. dxe5 h6 21. exf6 hxg5 22. Qe7 Rc8 23. Qd6+ Ka8 24. Qxf8 Rxf8 25.
fxg7 Qe3+ 26. Kb1 Rb8 27. Rf8 Qf4 28. Rxb8+ Qxb8 29. Rf1 1-0

[Event "SPA Open A"]
[Site "Amsterdam NED"]
[Date "2011.07.10"]
[Round "2"]
[White "Brink,B"]
[Black "Goes,S"]
[Result "1/2-1/2"]
[WhiteElo "2204"]
[BlackElo "2104"]
[EventDate "2011.07.09"]

1. d4 Nf6 2. c4 g6 3. Nc3 Bg7 4. Nf3 O-O 5. g3 d6 6. Bg2 Nc6 7. O-O Rb8 8.
b3 a6 9. Bb2 b5 10. cxb5 axb5 11. Rc1 Bd7 12. d5 Na5 13. Nd4 b4 14. Na4 e5
15. dxe6 fxe6 16. Nc6 Bxc6 17. Bxc6 Nxc6 18. Rxc6 Qd7 19. Qc2 Rf7 20. Rc1
Nd5 21. Bxg7 Kxg7 22. Qc4 Rb7 23. e4 Nf6 24. Qa6 Rb8 25. Qa7 Rbf8 26. Rxc7
Qb5 27. Rxf7+ Rxf7 28. Rc7 Nd7 29. Qd4+ Ne5 30. Rxf7+ Kxf7 31. Qe3 Qd3 32.
Qxd3 Nxd3 33. Kf1 d5 34. exd5 exd5 35. Ke2 Nc1+ 36. Kd2 Nxa2 37. Kc2 d4 38.
Kd3 Nc1+ 39. Kc4 d3 40. Nb2 d2 41. Nd1 Na2 42. Kd3 Nc1+ 43. Kc2 g5 44. Ne3
h5 45. f3 Ke6 46. h3 h4 47. gxh4 gxh4 48. Ng2 1/2-1/2

[Event "SPA Open A"]
[Site "Amsterdam NED"]
[Date "2011.07.10"]
[Round "2"]
[White "Spiler,Angelo"]
[Black "Van Hengel,H"]
[Result "1/2-1/2"]
[WhiteElo "2111"]
[BlackElo "2203"]
[EventDate "2011.07.09"]

1. e4 d5 2. exd5 Qxd5 3. Nc3 Qa5 4. d4 c6 5. Bc4 Bf5 6. Nf3 e6 7. Bd2 Nf6
8. Nd5 Qd8 9. Nxf6+ gxf6 10. c3 Qc7 11. Nh4 Bg6 12. Qf3 Nd7 13. Qh3 Bg7 14.
b4 a5 15. bxa5 Rxa5 16. O-O c5 17. a4 O-O 18. Nxg6 hxg6 19. Bb5 f5 20. Qg3
Qxg3 21. hxg3 Nf6 22. c4 Raa8 23. dxc5 Ne4 24. Rad1 Nxc5 25. Bb4 Rfc8 26.
Bxc5 Rxc5 27. Rd7 Rb8 28. Rfd1 Rcc8 29. R1d6 Be5 30. Rd3 Bc7 31. Re7 Rd8
32. Rxd8+ Bxd8 33. Re8+ Kg7 34. Kf1 Bc7 35. Ke2 1/2-1/2

[Event "SPA Open A"]
[Site "Amsterdam NED"]
[Date "2011.07.10"]
[Round "2"]
[White "Osterwald,E"]
[Black "Ritsema,R"]
[Result "1-0"]
[WhiteElo "2200"]
[BlackElo "2103"]
[EventDate "2011.07.09"]

1. c4 Nf6 2. g3 c6 3. Bg2 d5 4. Nf3 dxc4 5. a4 Be6 6. Na3 Qa5 7. Qc2 Qh5 8.
h3 Qg6 9. Qxg6 hxg6 10. Ng5 Bc8 11. Nxc4 e6 12. Ne5 Bc5 13. Ngxf7 O-O 14.
Ng5 Bxf2+ 15. Kxf2 Ng4+ 16. Kg1 Nxe5 17. a5 Na6 18. d3 Nf7 19. Be4 Nc5 20.
Bxg6 Ne5 21. Bh7+ Kh8 22. Be3 Na6 23. Be4 Bd7 24. Kg2 Nf7 25. Nxf7+ Rxf7
26. Rhf1 Rxf1 27. Rxf1 Kg8 28. g4 Nb4 29. Bd4 Nd5 30. Kg3 a6 31. g5 Ne7 32.
Bc5 Nf5+ 33. Kf4 Rd8 34. Bf3 Nh4 35. Ke5 Bc8 36. Be4 Nf5 37. Bb6 Rd6 38.
Rxf5 exf5 39. Kxd6 fxe4 40. dxe4 Bxh3 41. Ke7 Bg2 42. e5 Be4 43. e6 Bf5 44.
e4 Bg4 45. g6 Bh3 46. Bd4 Bg2 47. Kd8 Bxe4 48. e7 Bxg6 49. e8=Q+ Bxe8 50.
Kxe8 g5 51. Kd7 Kf7 52. Kc7 1-0